00346nam a22001217a 450000500170000000800410001708200140005811000270007224500670009926000400016630000100020665000080021620200604095043.0200604b xxu||||| |||| 00| 0 eng d a345.4 AIR aThe All India Reporter aThe All India Reporter1964 (V-51) STATUTE AND ARTICLES Section aBOMBAYbThe All India Reporter Ltd. a736p. aLAW